Rapports des agents du Ministre de l'Interieur dans les Departements (Record no. 6369)

MARC details
000 -LEADER
campo de control de longitud fija 00941nam a2200253 i 4500
001 - NÚMERO DE CONTROL
campo de control 6369
003 - IDENTIFICADOR DE NÚMERO DE CONTROL
campo de control ES-MaACL
005 - FECHA Y HORA DE LA ÚLTIMA TRANSACCIÓN
campo de control 20231103062523.0
007 - CAMPO FIJO DE DESCRIPCIÓN FÍSICA--INFORMACIÓN GENERAL
campo de control de longitud fija t|
008 - DATOS DE LONGITUD FIJA--INFORMACIÓN GENERAL
campo de control de longitud fija 891005m19131951fr ||||1| fre d
080 ## - NÚMERO DE LA CLASIFICACIÓN DECIMAL UNIVERSAL
Número de la Clasificación Decimal Universal 323(44)"1789/1799"
080 ## - NÚMERO DE LA CLASIFICACIÓN DECIMAL UNIVERSAL
Número de la Clasificación Decimal Universal 9(44)"1789/1799"
245 00 - MENCIÓN DEL TÍTULO
Título Rapports des agents du Ministre de l'Interieur dans les Departements
Resto del título : (1793-An II) /
Mención de responsabilidad, etc. publies par Pierre Caron.
260 ## - PUBLICACIÓN, DISTRIBUCIÓN, ETC.
Lugar de publicación, distribución, etc. Paris :
Nombre del editor, distribuidor, etc. Imprimerie Nationale,
Fecha de publicación, distribución, etc. 1913-1951.
300 ## - DESCRIPCIÓN FÍSICA
Extensión 2 v. ;
Dimensiones 28 cm.
490 1# - MENCIÓN DE SERIE
Mención de serie Collection de documents inedits sur l'histoire de France
500 ## - NOTA GENERAL
Nota general t. I. publicado en 1913 y t. II. en 1951.
651 #4 - PUNTO DE ACCESO ADICIONAL DE MATERIA--NOMBRE GEOGRÁFICO
Nombre geográfico Francia-
Subdivisión general Política interior-
Subdivisión cronológica 1789-1799.
9 (RLIN) 8705
651 #4 - PUNTO DE ACCESO ADICIONAL DE MATERIA--NOMBRE GEOGRÁFICO
Nombre geográfico Francia-
Subdivisión general Historia-
Subdivisión cronológica 1789-1799, Revolución
9 (RLIN) 8685
700 1# - ENTRADA AGREGADA--NOMBRE PERSONAL
Nombre de persona Caron, Pierre.
9 (RLIN) 35421
830 0# - PUNTO DE ACCESO ADICIONAL DE SERIE-TÍTULO UNIFORME
Título uniforme Collection de documents inedits sur l'histoire de France
9 (RLIN) 227797
852 ## - LOCALIZACIÓN
Ubicación ES-MaACL
Número de control de estantería L-13562-3
Sublocalización o colección R.117169
Holdings
Estatus retirado Estado de pérdida Estado de daño No para préstamo Biblioteca de origen Biblioteca actual Ubicación en estantería Fecha de adquisición Fuente de adquisición Total de préstamos Signatura topográfica completa Código de barras Visto por última vez Precio de reemplazo Tipo de ítem Koha
        Biblioteca del Ateneo de Madrid Biblioteca del Ateneo de Madrid Depósito 2 17/01/2008     L-13562-3 1006484 23/02/2023 23/02/2023 Libro impreso